<?xml version="1.0" encoding="UTF-8"?>
<record
    xmlns:xsi="http://www.w3.org/2001/XMLSchema-instance"
    xsi:schemaLocation="http://www.loc.gov/MARC21/slim http://www.loc.gov/standards/marcxml/schema/MARC21slim.xsd"
    xmlns="http://www.loc.gov/MARC21/slim">

  <leader>02961njm a2200445Ia 4500</leader>
  <controlfield tag="001">25678</controlfield>
  <controlfield tag="003">IT-RoPAU</controlfield>
  <controlfield tag="005">20220918181123.0</controlfield>
  <controlfield tag="008">131025s9999    xx            000 0 und d</controlfield>
  <datafield tag="040" ind1=" " ind2=" ">
    <subfield code="a">IT-RoPAU</subfield>
  </datafield>
  <datafield tag="040" ind1=" " ind2=" ">
    <subfield code="c">IT-RoPAU</subfield>
  </datafield>
  <datafield tag="999" ind1=" " ind2=" ">
    <subfield code="c">99972</subfield>
    <subfield code="d">99972</subfield>
  </datafield>
  <datafield tag="999" ind1=" " ind2=" ">
    <subfield code="b">n.d.</subfield>
  </datafield>
  <datafield tag="100" ind1=" " ind2=" ">
    <subfield code="a">AA.VV.</subfield>
    <subfield code="9">794</subfield>
  </datafield>
  <datafield tag="100" ind1=" " ind2=" ">
    <subfield code="e">Autore musica</subfield>
    <subfield code="9">13500</subfield>
  </datafield>
  <datafield tag="100" ind1=" " ind2=" ">
    <subfield code="g">Codice autore musica SPICS: 12000</subfield>
    <subfield code="9">796</subfield>
  </datafield>
  <datafield tag="245" ind1=" " ind2=" ">
    <subfield code="a">Free jazz!!! (Anni '60 la rivolta nera)</subfield>
  </datafield>
  <datafield tag="250" ind1=" " ind2=" ">
    <subfield code="a">1a ed.</subfield>
  </datafield>
  <datafield tag="260" ind1=" " ind2=" ">
    <subfield code="a">MILANO</subfield>
  </datafield>
  <datafield tag="260" ind1=" " ind2=" ">
    <subfield code="b">MUSICA JAZZ</subfield>
    <subfield code="c">1982 [1a Ed.:1982]</subfield>
  </datafield>
  <datafield tag="300" ind1=" " ind2=" ">
    <subfield code="a">DISCO</subfield>
  </datafield>
  <datafield tag="300" ind1=" " ind2=" ">
    <subfield code="c">46 minuti (Testo:  pag.)</subfield>
  </datafield>
  <datafield tag="500" ind1=" " ind2=" ">
    <subfield code="a">Jazz d'avanguardia. Musica afro-americana. Disco fuori commercio allegato al n. 4 '82 della rivista "Musica jazz"</subfield>
  </datafield>
  <datafield tag="505" ind1=" " ind2=" ">
    <subfield code="a">Doughnut [(New York, dicembre 1962) (Coleman Ornette) (9:00)] - Spirits Rejoice [(Judson Hall, New York, settembre 1965) (Ayler Albert) (12:00)] - Nothing 5-7 [(luglio 1964) (Graves Milford) (3:00)] - Short [(New York, novembre 1964) (Rudd Roswell) (3:00)] - Mantu [(Town Hall, New York, 1 maggio 1965) (Logan Giuseppe) (6:00)] - Batterie [(New York, ottobre 1964) (Bley Paul) (5:00)] - Heliocentric [(New York, aprile 1965) (Sun Ra) (4:00)]</subfield>
  </datafield>
  <datafield tag="511" ind1=" " ind2=" ">
    <subfield code="a">Coleman Ornette: alto; Izenzon David: cb; Moffett Charles: batt; da Ornette Coleman Town Hall Concert</subfield>
  </datafield>
  <datafield tag="511" ind1=" " ind2=" ">
    <subfield code="a">Ayler Albert: ten; Ayler Don: tr; Tyler Charles: alto; Grimes Henry: cb; Peacock Gary: cb; Murray Sunny: batt; da Spirits Rejoice</subfield>
  </datafield>
  <datafield tag="511" ind1=" " ind2=" ">
    <subfield code="a">Da Mildford Graves Percussion Einsemble with Sunny Morgan; Mildford Graves e Sunny Morgan perc</subfield>
  </datafield>
  <datafield tag="511" ind1=" " ind2=" ">
    <subfield code="a">Rudd Roswell: trne; Tchicai John: alto; Worrell Lewis: cb; Graves Mildford: batt; New York Art Quartet</subfield>
  </datafield>
  <datafield tag="511" ind1=" " ind2=" ">
    <subfield code="a">Logan Giuseppe: alto, cl b, fl, p; Pullen Don: p; Johnson Reggie: cb; Graves Mildford: batt</subfield>
  </datafield>
  <datafield tag="511" ind1=" " ind2=" ">
    <subfield code="a">Bley Paul: p; Johnson Dewey: tr; Allen Marshall: alto; Gomez Eddie: cb; Graves Mildford: batt</subfield>
  </datafield>
  <datafield tag="511" ind1=" " ind2=" ">
    <subfield code="a">Capers Chris; Tr Nance Teddy; Trne Pettaway Bernard; Trne Allen Marshall: saxes, perc; Patrick Pat: saxes, perc; Gilmore John: saxes, perc; Cummings Robert: saxes, perc; Davis Danny: fl, alto; Sun Ra: marimba, tastiere, perc; Boykins Ronnie: cb; Johnson Jimmy: perc; Sun Ra and his Solar Orkestra</subfield>
  </datafield>
  <datafield tag="650" ind1=" " ind2=" ">
    <subfield code="a">JAZZ [DISCHI]</subfield>
    <subfield code="e">Codice MATERIA SPICS: 9950</subfield>
    <subfield code="9">13501</subfield>
  </datafield>
  <datafield tag="700" ind1=" " ind2=" ">
    <subfield code="a">Coleman Ornette</subfield>
    <subfield code="d">Codice autore musica SPICS: 10832</subfield>
    <subfield code="e">Autore musica</subfield>
    <subfield code="p">Doughnut</subfield>
    <subfield code="9">13502</subfield>
  </datafield>
  <datafield tag="700" ind1=" " ind2=" ">
    <subfield code="a">Ayler Albert</subfield>
    <subfield code="d">Codice autore musica SPICS: 10719</subfield>
    <subfield code="e">Autore musica</subfield>
    <subfield code="p">Spirits Rejoice</subfield>
    <subfield code="9">13503</subfield>
  </datafield>
  <datafield tag="700" ind1=" " ind2=" ">
    <subfield code="a">Graves Milford</subfield>
    <subfield code="d">Codice autore musica SPICS: 16202</subfield>
    <subfield code="e">Autore musica</subfield>
    <subfield code="p">Nothing 5-7</subfield>
    <subfield code="9">13504</subfield>
  </datafield>
  <datafield tag="700" ind1=" " ind2=" ">
    <subfield code="a">Rudd Roswell</subfield>
    <subfield code="d">Codice autore musica SPICS: 16204</subfield>
    <subfield code="e">Autore musica</subfield>
    <subfield code="p">Short</subfield>
    <subfield code="9">13505</subfield>
  </datafield>
  <datafield tag="700" ind1=" " ind2=" ">
    <subfield code="a">Logan Giuseppe</subfield>
    <subfield code="d">Codice autore musica SPICS: 16206</subfield>
    <subfield code="e">Autore musica</subfield>
    <subfield code="p">Mantu</subfield>
    <subfield code="9">13506</subfield>
  </datafield>
  <datafield tag="700" ind1=" " ind2=" ">
    <subfield code="a">Bley Carla</subfield>
    <subfield code="d">Codice autore musica SPICS: 27782</subfield>
    <subfield code="e">Autore musica</subfield>
    <subfield code="p">Batterie</subfield>
    <subfield code="9">13507</subfield>
  </datafield>
  <datafield tag="700" ind1=" " ind2=" ">
    <subfield code="a">Sun Ra</subfield>
    <subfield code="d">Codice autore musica SPICS: 11097</subfield>
    <subfield code="e">Autore musica</subfield>
    <subfield code="p">Heliocentric</subfield>
    <subfield code="9">13508</subfield>
  </datafield>
  <datafield tag="942" ind1=" " ind2=" ">
    <subfield code="c">MD</subfield>
    <subfield code="2">ddc</subfield>
  </datafield>
  <datafield tag="952" ind1=" " ind2=" ">
    <subfield code="0">0</subfield>
    <subfield code="1">0</subfield>
    <subfield code="4">0</subfield>
    <subfield code="6">25678_000000000000000</subfield>
    <subfield code="7">1</subfield>
    <subfield code="a">SPICS</subfield>
    <subfield code="b">SPICS</subfield>
    <subfield code="d">2013-10-25</subfield>
    <subfield code="l">0</subfield>
    <subfield code="o">25678</subfield>
    <subfield code="r">2013-10-25 00:00:00</subfield>
    <subfield code="w">2013-10-25</subfield>
    <subfield code="y">MD</subfield>
    <subfield code="z">Progr. Ins.: 5552 / N.Vol.: 1 / Copie: 1 - Copia rara: n.d. / date import: 01.01.2014 - By Epidotti, Trombetti, Vaglietti</subfield>
  </datafield>
</record>
